[Event "Titled Tuesday intern op 06th Jun Late"]
[Site "Chess.com INT"]
[Date "2023.06.06"]
[Round "2"]
[White "Ramirez Osio, Julio Adrian"]
[Black "Jaracz, Pawel"]
[Result "0-1"]
[WhiteElo "2189"]
[BlackElo "2472"]
[PlyCount "58"]
[EventDate "2023.06.06"]
[EventType "swiss (blitz)"]
[EventRounds "11"]
[EventCountry "USA"]
[SourceTitle "EXT 2024"]
[Source "ChessBase"]
[SourceDate "2023.10.10"]
[SourceVersion "1"]
[SourceVersionDate "2023.10.10"]
[SourceQuality "1"]

1. d4 Nf6 2. c4 g6 3. g3 c6 4. Bg2 d5 5. cxd5 cxd5 6. Nf3 Bg7 7. 0-0 0-0 8. Ne5 Ng4 9. Bf4 Nxe5 10. dxe5 e6 11. Nc3 Nc6 12. e4 d4 13. Nb5 Qb6 14. a4 a6 15. Nd6 Nxe5 16. Bxe5 Bxe5 17. Nc4 Qc5 18. Nxe5 Qxe5 19. f4 Qc5 20. e5 Rd8 21. Qb3 d3+ 22. Kh1 Rb8 23. Rfd1 d2 24. Qa3 Qf2 25. Qc3 b5 26. axb5 axb5 27. Qc7 Bd7 28. h4 Rbc8 29. Qd6 Bc6 0-1

[Event "American Continental 16th"]
[Site "San Salvador"]
[Date "2022.05.03"]
[Round "3"]
[White "Ramirez Osio, Julio Adrian"]
[Black "Godoy Cano, Miguel Angel"]
[Result "1-0"]
[WhiteElo "2143"]
[BlackElo "1853"]
[PlyCount "81"]
[EventDate "2022.05.02"]
[EventType "swiss"]
[EventRounds "11"]
[EventCountry "ESA"]
[SourceTitle "CBM 208 Extra"]
[Source "ChessBase"]
[SourceDate "2022.07.31"]
[SourceVersion "1"]
[SourceVersionDate "2022.07.31"]
[SourceQuality "1"]

1. d4 d5 2. c4 e6 3. Nf3 c6 4. Nc3 Nf6 5. e3 Bd6 6. Bd3 0-0 7. e4 dxe4 8. Nxe4 Bb4+ 9. Ke2 Nbd7 10. Nxf6+ Nxf6 11. Bg5 Be7 12. Re1 a5 13. Kf1 a4 14. Bc2 a3 15. b3 b5 16. Ne5 Qc7 17. Qd3 g6 18. Qf3 Kg7 19. Nxc6 Ba6 20. Nxe7 Qxe7 21. c5 b4+ 22. Kg1 Rad8 23. Rad1 Rd5 24. Qxd5 Nxd5 25. Bxe7 Nxe7 26. Be4 Rd8 27. f4 Bb5 28. Kf2 Bc6 29. Bxc6 Nxc6 30. Ke3 Ne7 31. Kd3 Nd5 32. g3 Kf6 33. Re5 h6 34. h4 Rb8 35. Kc4 Ne7 36. d5 Rd8 37. d6 Nc6 38. Kb5 Nxe5 39. fxe5+ Kxe5 40. d7 Ke4 41. c6 1-0

[Event "Mexico City Latinoamericano op 1st"]
[Site "Mexico City"]
[Date "2021.11.07"]
[Round "5"]
[White "Ramirez Osio, Julio Adrian"]
[Black "Lopez Rayo, Santiago"]
[Result "1-0"]
[WhiteElo "2129"]
[BlackElo "2082"]
[PlyCount "113"]
[EventDate "2021.11.04"]
[EventType "swiss"]
[EventRounds "9"]
[EventCountry "MEX"]
[SourceTitle "EXT 2023"]
[Source "ChessBase"]
[SourceDate "2022.10.05"]
[SourceVersion "1"]
[SourceVersionDate "2022.10.05"]
[SourceQuality "1"]

1. d4 d5 2. c4 c6 3. Nf3 Nf6 4. Nc3 e6 5. e3 Be7 6. Bd3 dxc4 7. Bxc4 0-0 8. 0-0 b5 9. Bd3 a6 10. e4 Bb7 11. e5 Nd5 12. Nxd5 Qxd5 13. Qc2 h6 14. Be3 Rc8 15. Rfd1 a5 16. Bh7+ Kf8 17. Be4 Qd7 18. Qe2 Na6 19. Ne1 Nb4 20. Qg4 Nd5 21. Nd3 b4 22. Nc5 Bxc5 23. dxc5 Ba6 24. Bd4 Qe8 25. f4 Ne7 26. Bf2 Bc4 27. Rd6 Bd5 28. Bd3 Rc7 29. Bh4 a4 30. Bf6 gxf6 31. exf6 Ng6 32. h4 e5 33. f5 e4 34. fxg6 exd3 35. Qf4 fxg6 36. Rxd5 cxd5 37. Qxc7 Qf7 38. Qd6+ Kg8 39. Rd1 Rf8 40. Rxd3 Qxf6 41. Qxd5+ Kg7 42. Qd4 a3 43. Qxf6+ Rxf6 44. bxa3 bxa3 45. Rxa3 Rc6 46. Rc3 Kf6 47. Kf2 h5 48. Ke3 Ke5 49. Kd3 Kd5 50. g3 Ke5 51. Kc4 Ra6 52. Re3+ Kf6 53. a3 Ra4+ 54. Kb5 Ra8 55. c6 Rb8+ 56. Ka6 Rb1 57. Rc3 1-0

[Event "Mexico City Latinoamericano op 1st"]
[Site "Mexico City"]
[Date "2021.11.06"]
[Round "3"]
[White "Ramirez Osio, Julio Adrian"]
[Black "Macias Zamora, Jose Armando"]
[Result "1-0"]
[WhiteElo "2129"]
[BlackElo "1308"]
[PlyCount "55"]
[EventDate "2021.11.04"]
[EventType "swiss"]
[EventRounds "9"]
[EventCountry "MEX"]
[SourceTitle "EXT 2023"]
[Source "ChessBase"]
[SourceDate "2022.10.05"]
[SourceVersion "1"]
[SourceVersionDate "2022.10.05"]
[SourceQuality "1"]

1. d4 d5 2. c4 e6 3. Nf3 Nf6 4. g3 c6 5. Bg2 Be7 6. Nbd2 Nbd7 7. 0-0 0-0 8. Qc2 b6 9. e4 dxe4 10. Nxe4 Bb7 11. Rd1 Nxe4 12. Qxe4 Nf6 13. Qe2 Qc7 14. Bf4 Bd6 15. Ne5 Nd7 16. c5 Bxe5 17. Bxe5 Nxe5 18. dxe5 Rfd8 19. Qe3 Rd7 20. Rd6 Rad8 21. Rad1 Ba6 22. h4 Bc4 23. Rxd7 Rxd7 24. Rd6 Rxd6 25. cxd6 Qd7 26. Qg5 f6 27. exf6 g6 28. Qh6 1-0

[Event "Mexico City Latinoamericano op 1st"]
[Site "Mexico City"]
[Date "2021.11.05"]
[Round "2"]
[White "Paredes Guzman, Francisco Javier"]
[Black "Ramirez Osio, Julio Adrian"]
[Result "1/2-1/2"]
[WhiteElo "1825"]
[BlackElo "2129"]
[PlyCount "104"]
[EventDate "2021.11.04"]
[EventType "swiss"]
[EventRounds "9"]
[EventCountry "MEX"]
[SourceTitle "EXT 2023"]
[Source "ChessBase"]
[SourceDate "2022.10.05"]
[SourceVersion "1"]
[SourceVersionDate "2022.10.05"]
[SourceQuality "1"]

1. d4 d5 2. c4 c6 3. Nf3 Nf6 4. e3 Bf5 5. Nc3 e6 6. Nh4 Be4 7. f3 Bg6 8. Nxg6 hxg6 9. Qb3 Qb6 10. c5 Qc7 11. Bd2 b6 12. cxb6 axb6 13. e4 dxe4 14. fxe4 Qd8 15. 0-0-0 Qxd4 16. Bc4 Nbd7 17. Bxe6 fxe6 18. Qxe6+ Be7 19. Bf4 Qc5 20. Bd6 Qg5+ 21. Kb1 Nh7 22. Bf4 Nhf8 23. Qxc6 Qxf4 24. Qxa8+ Qb8 25. Qc6 g5 26. Rhf1 Rh6 27. Rxf8+ Kxf8 28. Qxd7 Qxh2 29. Nd5 Qe5 30. Rf1+ Bf6 31. Qd8+ Kf7 32. Qc7+ Qxc7 33. Nxc7 Kg8 34. Nd5 Bd8 35. Kc2 Re6 36. Kd3 Bf6 37. b4 Kf7 38. Rc1 b5 39. Rc5 Ra6 40. Rxb5 Rxa2 41. g4 Ra3+ 42. Ke2 Ra2+ 43. Kd3 Ra3+ 44. Kd2 Ra2+ 45. Kd1 Ra1+ 46. Kc2 Ra2+ 47. Kb3 Rg2 48. e5 Rg3+ 49. Nc3 Be7 50. Rb6 Rxg4 51. e6+ Kg6 52. Nd5 Bf6 1/2-1/2

[Event "Mexico City Latinoamericano op 1st"]
[Site "Mexico City"]
[Date "2021.11.05"]
[Round "1"]
[White "Ramirez Osio, Julio Adrian"]
[Black "Gonzalez Sanchez, Ilan Said"]
[Result "1-0"]
[WhiteElo "2129"]
[BlackElo "1663"]
[PlyCount "93"]
[EventDate "2021.11.04"]
[EventType "swiss"]
[EventRounds "9"]
[EventCountry "MEX"]
[SourceTitle "EXT 2023"]
[Source "ChessBase"]
[SourceDate "2022.10.05"]
[SourceVersion "1"]
[SourceVersionDate "2022.10.05"]
[SourceQuality "1"]

1. d4 Nf6 2. c4 e5 3. dxe5 Ng4 4. Bf4 g5 5. Bg3 Bg7 6. Nf3 Nc6 7. Nc3 Ngxe5 8. e3 d6 9. Be2 Bf5 10. h4 h6 11. hxg5 hxg5 12. Rxh8+ Bxh8 13. Qb3 b6 14. 0-0-0 Kf8 15. Nb5 a6 16. Nbd4 Bg6 17. Nxe5 Nxe5 18. Bxe5 Bxe5 19. Bf3 Bxd4 20. Bxa8 Qxa8 21. exd4 Qxg2 22. Qe3 Qc6 23. b3 d5 24. Qe5 Be4 25. Qh8+ Ke7 26. Re1 Qf6 27. Qxf6+ Kxf6 28. Kd2 Kf5 29. Ke3 g4 30. Rc1 c6 31. a4 a5 32. c5 bxc5 33. Rxc5 Kg5 34. Rxa5 f5 35. Rc5 f4+ 36. Ke2 Kh4 37. Rxc6 f3+ 38. Ke1 g3 39. Kf1 Kg4 40. a5 Bd3+ 41. Kg1 Kf4 42. a6 Ke4 43. a7 Kxd4 44. a8Q gxf2+ 45. Kxf2 Be4 46. Qh8+ Kd3 47. Qc3# 1-0

[Event "FIDE World Cup Mexico Qual"]
[Site "Mexico City"]
[Date "2021.05.30"]
[Round "9"]
[White "Ramirez Osio, Julio Adrian"]
[Black "Carreto Nieto, Geovanni"]
[Result "1/2-1/2"]
[WhiteElo "2108"]
[BlackElo "2208"]
[PlyCount "109"]
[EventDate "2021.05.26"]
[EventType "swiss"]
[EventRounds "9"]
[EventCountry "MEX"]
[SourceTitle "CBM 202 Extra"]
[Source "ChessBase"]
[SourceDate "2021.07.31"]
[SourceVersion "1"]
[SourceVersionDate "2021.07.31"]
[SourceQuality "1"]

1. d4 Nf6 2. c4 c5 3. d5 b5 4. Nf3 Bb7 5. Qc2 bxc4 6. e4 e6 7. Bg5 Be7 8. Bxc4 Nxd5 9. exd5 Bxg5 10. Qb3 Ba6 11. 0-0 0-0 12. Rd1 Bf6 13. dxe6 Bxc4 14. Qxc4 Bxb2 15. exf7+ Kh8 16. Nc3 Bxa1 17. Rxa1 Qf6 18. Qxc5 Na6 19. Qa3 Rac8 20. Rd1 Nc5 21. Nd5 Qxf7 22. Qxa7 Ne6 23. Qe3 Rc2 24. a3 Nc5 25. Nb4 Rc4 26. Re1 d6 27. h3 Re4 28. Ng5 Rxe3 29. Nxf7+ Rxf7 30. Rxe3 h6 31. Nd3 Rb7 32. Nxc5 dxc5 33. Rc3 Rb1+ 34. Kh2 Ra1 35. Kg3 Ra2 36. Kf3 Kg8 37. g4 Kf7 38. h4 Ke6 39. Rxc5 Rxa3+ 40. Kg2 Kf7 41. h5 Rb3 42. g5 hxg5 43. Rxg5 Ra3 44. f3 Ra4 45. Kg3 Rb4 46. f4 Rb1 47. Ra5 Rh1 48. Kg4 Kg8 49. Ra6 Kh7 50. Kg5 Rg1+ 51. Kf5 Rh1 52. Kg5 Rg1+ 53. Kf5 Rh1 54. h6 Rxh6 55. Kg5 1/2-1/2

[Event "FIDE World Cup Mexico Qual"]
[Site "Mexico City"]
[Date "2021.05.29"]
[Round "6"]
[White "Lopez Padilla, Piero Raul"]
[Black "Ramirez Osio, Julio Adrian"]
[Result "0-1"]
[WhiteElo "1759"]
[BlackElo "2108"]
[PlyCount "54"]
[EventDate "2021.05.26"]
[EventType "swiss"]
[EventRounds "9"]
[EventCountry "MEX"]
[SourceTitle "CBM 202 Extra"]
[Source "ChessBase"]
[SourceDate "2021.07.31"]
[SourceVersion "1"]
[SourceVersionDate "2021.07.31"]
[SourceQuality "1"]

1. d4 d5 2. c4 c6 3. Nf3 Nf6 4. Qc2 dxc4 5. Qxc4 Bf5 6. g3 e6 7. Bg2 Be7 8. 0-0 0-0 9. Nc3 Nbd7 10. Rd1 Bc2 11. e3 Bxd1 12. Nxd1 c5 13. Bd2 Rc8 14. Qa4 Qb6 15. Ba5 Qa6 16. Qa3 Nd5 17. Bd2 Qxa3 18. bxa3 N7f6 19. Ne5 cxd4 20. exd4 Bxa3 21. Ne3 Bb2 22. Rb1 Bxd4 23. N5c4 Bxe3 24. Nxe3 Nxe3 25. Bxe3 b6 26. a4 Nd5 27. Bg5 h6 0-1

[Event "Mexico City Jose Marti 6th"]
[Site "Mexico City"]
[Date "2013.12.18"]
[Round "3"]
[White "Alarcon Morales, Alicia"]
[Black "Ramirez Osio, Julio Adrian"]
[Result "0-1"]
[WhiteElo "1590"]
[BlackElo "2122"]
[PlyCount "124"]
[EventDate "2013.12.16"]
[EventType "tourn"]
[EventRounds "6"]
[EventCountry "MEX"]
[SourceTitle "EXT 2018"]
[Source "ChessBase"]
[SourceDate "2017.10.13"]
[SourceVersion "1"]
[SourceVersionDate "2017.10.13"]
[SourceQuality "1"]

1. e4 c5 2. Nc3 Nc6 3. f4 g6 4. Nf3 Bg7 5. Bb5 Nd4 6. 0-0 Nxb5 7. Nxb5 d5 8. exd5 a6 9. Nc3 Nf6 10. d4 Nxd5 11. dxc5 Nxc3 12. Qxd8+ Kxd8 13. bxc3 Kc7 14. Nd4 Bf5 15. Be3 Rhd8 16. Rab1 Bxd4 17. cxd4 Bxc2 18. Rb6 Rd7 19. Rf2 Be4 20. Kf1 Rad8 21. Rfb2 Rxd4 22. Bxd4 Rxd4 23. R6b4 Rxb4 24. Rxb4 Bd5 25. Rb2 Kc6 26. Rc2 Kb5 27. Kf2 Be4 28. Re2 Bd5 29. Rc2 Bc4 30. Rb2+ Kxc5 31. Rxb7 Bxa2 32. Ke3 a5 33. Kd2 Bd5 34. Rxe7 a4 35. Kc3 a3 36. Ra7 a2 37. Kb2 Kd4 38. g3 Ke3 39. Ra5 Be6 40. Rc5 Kf3 41. Rc2 Kg4 42. Rd2 Kh3 43. Ka1 h5 44. Kb2 Bc4 45. Rd4 Be6 46. Rd2 Bf5 47. Kxa2 Be4 48. Kb3 Bg2 49. Rd7 Kxh2 50. Kc3 Kxg3 51. Rxf7 Be4 52. Kd4 Bf5 53. Ke5 h4 54. Rxf5 gxf5 55. Kxf5 h3 56. Ke6 h2 57. f5 h1Q 58. f6 Qe4+ 59. Kf7 Kf4 60. Kg7 Qe5 61. Kg6 Qg5+ 62. Kf7 Ke5 0-1

[Event "Mexico City Jose Marti 6th"]
[Site "Mexico City"]
[Date "2013.12.17"]
[Round "2"]
[White "Ramirez Osio, Julio Adrian"]
[Black "Alarcon Morales, Elvira"]
[Result "1-0"]
[WhiteElo "2122"]
[BlackElo "1946"]
[PlyCount "49"]
[EventDate "2013.12.16"]
[EventType "tourn"]
[EventRounds "6"]
[EventCountry "MEX"]
[SourceTitle "EXT 2018"]
[Source "ChessBase"]
[SourceDate "2017.10.13"]
[SourceVersion "1"]
[SourceVersionDate "2017.10.13"]
[SourceQuality "1"]

1. d4 f5 2. e4 fxe4 3. Nc3 Nf6 4. Bg5 Nc6 5. d5 Ne5 6. Qe2 d6 7. 0-0-0 Bg4 8. f3 exf3 9. gxf3 Bf5 10. f4 Bg4 11. Qg2 Bxd1 12. fxe5 dxe5 13. Bb5+ Kf7 14. Kxd1 c6 15. Bc4 b5 16. Bb3 b4 17. d6+ e6 18. Ne4 Bxd6 19. Bxf6 gxf6 20. Nf3 Be7+ 21. Kc1 Qb6 22. Qh3 c5 23. Qh5+ Kf8 24. Neg5 fxg5 25. Nxe5 1-0